|
|
|
|
| LEADER |
01320nam a2200301 u 4500 |
| 001 |
10031774 |
| 003 |
upatras |
| 005 |
20210117210123.0 |
| 008 |
991230s1996 us eng |
| 020 |
|
|
|a 0896033406
|
| 040 |
|
|
|a GR-PaULI
|c GR-PaULI
|
| 041 |
0 |
|
|a eng
|
| 082 |
0 |
4 |
|a 572.36
|
| 245 |
1 |
0 |
|a Mass spectrometry in the biological sciences
|c edited by A. L. Burlingame and Steven A. Carr
|
| 260 |
|
|
|a Totowa, N.J.
|b Humana Press
|c 1996
|
| 300 |
|
|
|a xii, 570 p.
|b fig., tab.
|c 27 cm.
|
| 504 |
|
|
|a Includes bibliographical references and indexes
|
| 650 |
|
4 |
|a Χημεία, Αναλυτική
|9 520
|
| 650 |
|
4 |
|a Βιοχημεία
|9 39
|
| 700 |
1 |
|
|a Burlingame, A. L.
|9 43848
|
| 700 |
1 |
|
|a Carr, Steven A.
|9 43849
|
| 852 |
|
|
|a GR-PaULI
|b ΠΑΤΡΑ
|b ΒΚΠ
|b ΒΣ1
|k ΑΣΧΞ
|h 572.36 B
|m 053790
|p 025000072595
|t 1
|
| 852 |
|
|
|a GR-PaULI
|b ΠΑΤΡΑ
|b ΒΚΠ
|b ΒΣ1
|k ΑΣΧΞ
|h 572.36 BUR
|m 053791
|p 025000072596
|t 2
|
| 942 |
|
|
|2 ddc
|c BK15
|
| 952 |
|
|
|0 0
|1 0
|4 0
|6 572_360000000000000_B
|7 0
|9 202513
|a LISP
|b LISP
|c BSC
|d 2016-04-24
|i 053790
|l 0
|o 572.36 B
|p 025000072595
|r 2016-04-24 00:00:00
|t 1
|w 2016-04-24
|y BK15
|
| 952 |
|
|
|0 0
|1 0
|4 0
|6 572_360000000000000_BUR
|7 0
|9 202514
|a LISP
|b LISP
|c BSC
|d 2016-04-24
|i 053791
|l 0
|o 572.36 BUR
|p 025000072596
|r 2016-04-24 00:00:00
|t 2
|w 2016-04-24
|y BK15
|
| 998 |
|
|
|c ΣΚΟΝΔΡΑ
|d 2010-04
|
| 999 |
|
|
|c 123624
|d 123624
|